• 首页
  • 本馆介绍
  • 公告通知
  • 最新文献
  • 馆藏检索
  • 电子资源
  • 读者导购
  • 参考咨询
  • 我的图书馆
  • 登录
  • 详细信息显示
  • 放入我的书架
  • 预约/预借图书
  • 作者相关作品
  • 分类相关作品
  • 丛书相关作品
  • 出版社相关作品

书目信息

  • 表格格式
  • 工作单格式
  • 卡片格式
题名:
亚洲概念史研究
    
 
作者: 孙江 , 陈力卫 主编
分册: 第二辑  
出版信息: 北京   生活·读书·新知三联书店  2014
页数: 290页
开本: 24cm
丛书名:
单 册:
中图分类: K300.7-55
科图分类:
主题词:
电子资源:
ISBN: 978-7-108-05151-6
000 01030nam0 2200265 450
001 340071
005 20150604164238.20
010    @a978-7-108-05151-6@dCNY52.00
100    @a20150108d2014 em y0chiy50 ea
101 0  @achi
102    @aCN@b110000
105    @aa z 000yy
106    @ar
200 1  @a亚洲概念史研究@Aya zhou gai nian shi yan jiu@h第二辑@f孙江, 陈力卫主编
210    @a北京@c生活·读书·新知三联书店@d2014
215    @a290页@c图@d24cm
300    @a南京大学人文基金和“九八五”资助项目 2013年度国家社科基金重大项目“现代中国公共记忆与民族认同研究”阶段性研究成果
300    @a南京大学人文社会科学高级研究院主办
330    @a本书涉及类的概念、群的世界、新名词三个部分, 内容包括: 近代思想史上的“民族”及相关核心概念通考、布鲁门巴哈在东亚、中国“社会”、“社会”概念翻译始末等。
607    @a亚洲@x历史@x研究@j丛刊
690    @aK300.7-55@v5
701  0 @a孙江@Asun jiang@f(1963.10)@4主编
701  0 @a陈力卫@Achen li wei@f(1959)@4主编
801  0 @aCN@b卓展宏图@c20150525
905    @dK300.7-55@e9:2@f5
    
    亚洲概念史研究.第二辑/孙江, 陈力卫主编.-北京:生活·读书·新知三联书店,2014
    290页:图;24cm
    南京大学人文基金和“九八五”资助项目 2013年度国家社科基金重大项目“现代中国公共记忆与民族认同研究”阶段性研究成果.-南京大学人文社会科学高级研究院主办
    
    ISBN 978-7-108-05151-6:CNY52.00
    本书涉及类的概念、群的世界、新名词三个部分, 内容包括: 近代思想史上的“民族”及相关核心概念通考、布鲁门巴哈在东亚、中国“社会”、“社会”概念翻译始末等。
●
相关链接 在E读中查询图书 在五车中查询图书 在当当中查询图书 在豆瓣中查询图书


正题名:亚洲概念史研究     索取号:K300.7-55/9:2         预约/预借

序号 登录号 条形码 馆藏地/架位号 状态 备注
1 855661   208556613   第二样本阅览室/ [索取号:K300.7-55/9:2] 在馆    
2 855662   208556622   第二借阅区/ [索取号:K300.7-55/9:2] 在馆    
3 855663   208556631   第二借阅区/ [索取号:K300.7-55/9:2] 在馆    
4 855664   208556640   第二借阅区/ [索取号:K300.7-55/9:2] 在馆    
5 855665   208556659   第二借阅区/ [索取号:K300.7-55/9:2] 在馆    
唐山师范学院图书馆 欢迎您!
大连网信软件有限公司© 版权所有